000
00291pam a2200121 a 4500
020
_c
041
_h
100
_a
Mahindra kanitkar.
245
_a
Hoy Vyasanmukti Shakya Aahe
_h
Textual Documents
260
_a
[s.l]:
_b
Samkalin prakashan,
_c
2008.
300
_a
112:
_b
paper.
930
_a
6775
999
_c
240565
_d
240565